[Event "Let's Play Chess!"]
[Site "http://www.queenalice.com/game.php?id=1126489"]
[Date "2012.11.28"]
[Round "-"]
[White "igorjava"]
[Black "OliveiraDayton"]
[Result "0-1"]
[WhiteElo "1954"]
[BlackElo "1820"]

1. e4 c6 2. c3 d5 3. e5 Bf5 4. d4 e6 5. Bd3 Bxd3 6. Qxd3 Nd7 7. Nf3 Ne7 8. O-O
h6 9. c4 dxc4 10. Qxc4 Nb6 11. Qc2 Qd7 12. Be3 Nf5 13. Nc3 Be7 14. b3 O-O 15.
Rad1 Rac8 16. h3 Bb4 17. Bc1 Bxc3 18. Qxc3 Nd5 19. Qc2 b6 20. a3 c5 21. dxc5
Rxc5 22. Qe4 Rfc8 23. g4 Nfe7 24. g5 h5 25. Qh4 g6 26. Nd2 Nf5 27. Qa4 b5 28.
Qa5 b4 29. Qa4 Qxa4 30. bxa4 bxa3 31. Bxa3 Rc3 32. Ra1 Rxh3 33. Ne4 Rc4 34. f3
Nfe3 35. Rf2 Nc2 36. Ra2 Nxa3 37. Rxa3 Rxe4 38. fxe4 Rxa3 39. exd5 exd5 40. Rd2
a5 41. Rd4 Kf8 42. Kg2 Ke7 43. Rxd5 Rxa4 44. Rb5 Ke6 45. Rb7 Rg4+ 46. Kf3 Rxg5
47. Rb6+ Kxe5 48. Rb5+ Kf6 49. Rb6+ Kg7 50. Kf4 Rf5+ 51. Kg3 Kh6 52. Ra6 Kg5 53.
Ra7 h4+ 54. Kg2 f6 55. Ra6 Rb5 56. Kh2 f5 57. Kg2 f4 58. Kf3 h3 59. Kf2 h2 60.
Kg2 Rb2+ 61. Kh1 Rb1+ 62. Kxh2 Ra1 63. Kg2 a4 64. Kf3 Ra3+ 65. Kf2 Kh5 66. Kg2
g5 67. Ra8 Kg4 68. Ra5 Rg3+ 69. Kf2 a3 70. Ra4 Rb3 71. Ra5 Rb2+ 72. Kf1 a2 0-1

[Event "Let's Play Chess!"]
[Site "http://www.queenalice.com/game.php?id=1152240"]
[Date "2013.2.15"]
[Round "-"]
[White "OliveiraDayton"]
[Black "MrDJRVD"]
[Result "1-0"]
[WhiteElo "1500"]
[BlackElo "1739"]

1. d4 d5 2. Nf3 e6 3. Bf4 Nf6 4. e3 Be7 5. c4 dxc4 6. Bxc4 O-O 7. O-O c5 8. Nc3
Nc6 9. dxc5 b6 10. cxb6 axb6 11. Qe2 Na5 12. Bd3 Bb7 13. Rfd1 Qc8 14. Rac1 Bc6
15. Ne5 Qb7 16. Nxc6 Nxc6 17. Qf3 Rfb8 18. Bxb8 Rxb8 19. Nb5 Nb4 20. Qxb7 Rxb7
21. Rc8+ Bf8 22. Bb1 g6 23. Rdd8 Nd7 24. Be4 Nd5 25. Nc3 Kg7 26. Nxd5 exd5 27.
Bxd5 Ra7 28. g3 Be7 29. Ra8 Rc7 30. Rdc8 Rxc8 31. Rxc8 Bc5 32. Rc7 Nb8 33. Rxf7+
Kh6 34. a3 Na6 35. b4 Bxb4 36. axb4 Nxb4 37. Bb3 Nc6 38. Rb7 1-0

[Event "Challenge"]
[Site "http://www.queenalice.com/game.php?id=1164741"]
[Date "2013.3.25"]
[Round "-"]
[White "lincolnmarley"]
[Black "OliveiraDayton"]
[Result "0-1"]
[WhiteElo "1753"]
[BlackElo "1998"]

1. d4 Nf6 2. c4 e6 3. Nf3 b6 4. Nc3 Bb7 5. e3 Be7 6. Bd3 d5 7. cxd5 exd5 8. O-O
O-O 9. Bd2 Nbd7 10. h3 Rc8 11. a4 c5 12. Qe2 c4 13. Bc2 Bb4 14. Ne5 Nxe5 15.
dxe5 Bxc3 16. Bxc3 Ne4 17. Bxe4 dxe4 18. Rfd1 Qg5 19. Rd7 Ba8 20. Rad1 a5 21.
Qg4 Qxg4 0-1

[Event "Challenge"]
[Site "http://www.queenalice.com/game.php?id=1164742"]
[Date "2013.3.25"]
[Round "-"]
[White "OliveiraDayton"]
[Black "lincolnmarley"]
[Result "1-0"]
[WhiteElo "2029"]
[BlackElo "1753"]

1. e4 e5 2. Nf3 Nc6 3. d4 exd4 4. Bb5 a6 5. Bxc6 dxc6 6. Qxd4 Qxd4 7. Nxd4 Bd6
8. O-O Ne7 9. Kh1 O-O 10. f4 Ng6 11. Nc3 Re8 12. Bd2 Bb4 13. Rae1 Bxc3 14. Bxc3
Nf8 15. e5 Ne6 16. Nb3 Rd8 17. f5 Nf8 18. g4 b6 19. Nc1 Bb7 20. Kg1 Rd7 21. Nd3
1-0

[Event "Challenge"]
[Site "http://www.queenalice.com/game.php?id=1176829"]
[Date "2013.4.30"]
[Round "-"]
[White "OliveiraDayton"]
[Black "Andrei_78"]
[Result "1-0"]
[WhiteElo "2080"]
[BlackElo "1737"]

1. e4 e5 2. Nf3 d6 3. d4 Nd7 4. Nc3 h6 5. Bc4 Ngf6 6. O-O Qe7 7. dxe5 dxe5 8.
Be3 a6 9. a4 Qb4 10. Bb3 Bc5 11. Nd5 Nxd5 12. Qxd5 O-O 13. Bd2 Qb6 14. a5 Nf6
15. axb6 Nxd5 16. Bxd5 Bxb6 17. Nxe5 c6 18. Bb3 Bd4 19. Nd3 c5 20. e5 Be6 21.
Bxe6 fxe6 22. c3 c4 23. cxd4 cxd3 24. Bc3 Rac8 25. Rad1 b5 26. Rxd3 Rfd8 27.
Rfd1 Rd5 28. f4 g6 29. h4 Rf8 30. Rg3 Kg7 31. h5 Rxf4 32. Rxg6+ Kh7 33. Rxe6 Rh4
34. Rxa6 Rxh5 35. Re6 Rg5 36. Rd3 Rf5 37. b4 h5 38. Rf3 Rxf3 39. gxf3 Kg7 40.
Kg2 Kf7 41. Rc6 Ke7 42. Rd6 Rxd6 43. exd6+ Kxd6 44. Kg3 Kd5 45. Kh4 Kc4 46. Be1
Kxd4 47. Kxh5 Ke5 48. Kg5 Ke6 49. Kf4 Kd5 50. Kf5 Kd4 51. f4 Kd5 52. Kg6 Ke6 53.
f5+ Ke7 54. Kg7 Ke8 55. f6 1-0

[Event "Challenge"]
[Site "http://www.queenalice.com/game.php?id=1177850"]
[Date "2013.5.2"]
[Round "-"]
[White "Andrei_78"]
[Black "OliveiraDayton"]
[Result "0-1"]
[WhiteElo "1782"]
[BlackElo "2050"]

1. e4 c6 2. h3 d5 3. exd5 cxd5 4. d4 Nf6 5. Bd3 Nc6 6. Nf3 e6 7. a3 Qb6 8. c3
Be7 9. O-O O-O 10. Nbd2 Qc7 11. Nb3 Bd7 12. Ng5 e5 13. dxe5 Nxe5 14. Bf4 Bd6 15.
Nd4 h6 16. Ngf3 Nxf3+ 17. Nxf3 Bxf4 18. Re1 Rfe8 19. Qb3 Bc6 20. Nd4 Bd6 21.
Rxe8+ Rxe8 22. Qd1 Ne4 23. Nf5 Bh2+ 24. Kf1 Qf4 25. Nxh6+ gxh6 26. Qf3 Nd2# 0-1

[Event "Vamos jogar?"]
[Site "http://www.queenalice.com/game.php?id=1178917"]
[Date "2013.5.5"]
[Round "-"]
[White "OliveiraDayton"]
[Black "hdlp"]
[Result "1-0"]
[WhiteElo "2068"]
[BlackElo "1778"]

1. e4 e5 2. Nf3 Nc6 3. Bc4 Nf6 4. O-O Bc5 5. c3 Nxe4 6. d4 exd4 7. cxd4 d5 8.
dxc5 dxc4 9. Qc2 Nxc5 10. Qxc4 Ne6 11. b3 Na5 12. Qc3 O-O 13. Qxa5 Qf6 14. Qc3
Qxc3 15. Nxc3 c5 16. Bb2 a6 17. Rad1 b5 18. Ne4 Bb7 19. Nfg5 Nf4 20. Nxc5 Bxg2
21. Rfe1 h6 22. Nge4 Bf3 23. Rd2 Rfe8 24. Re3 Nh3+ 25. Kf1 Bg4 26. Nd6 Rxe3 27.
fxe3 b4 28. Nc4 h5 29. Nd7 Ra7 30. Ndb6 Re7 31. Ne5 a5 32. Nxg4 hxg4 33. Nd5 Re6
34. Kg2 f5 35. Nf4 Rh6 36. Nxh3 Rxh3 37. Bd4 Kh7 38. Rc2 Kh6 39. Rc5 Kg5 40.
Rxa5 g6 41. Ra7 Kh4 42. Bf6+ 1-0

[Event "AUTO-OPEN-3005"]
[Site "http://www.queenalice.com/game.php?id=1186667"]
[Date "2013.6.1"]
[Round "1"]
[White "OliveiraDayton"]
[Black "jamba"]
[Result "1-0"]
[WhiteElo "2094"]
[BlackElo "1515"]

1. e4 c5 2. Nf3 d6 3. c3 Nf6 4. Qc2 g6 5. d4 cxd4 6. cxd4 Bg7 7. Nc3 Nc6 8. Bg5
Qa5 9. Bb5 a6 10. Bxc6+ bxc6 11. O-O Rb8 12. e5 dxe5 13. dxe5 Ng4 14. Ne4 Qc7
15. Rac1 Bxe5 16. Nxe5 Qxe5 17. Qxc6+ Bd7 18. Qc7 Qxc7 19. Rxc7 Rxb2 20. Rd1 Ba4
21. Rxe7+ Kf8 22. Re1 Kg7 23. h3 h6 24. hxg4 hxg5 25. Nxg5 Kf6 26. Nxf7 Be8 27.
R1e6+ Kg7 28. Nxh8+ Kxh8 29. Rxe8+ Kh7 30. g5 Rb7 31. R6e7+ Rxe7 32. Rxe7+ 1-0

[Event "AUTO-OPEN-3005"]
[Site "http://www.queenalice.com/game.php?id=1186668"]
[Date "2013.6.1"]
[Round "1"]
[White "jamba"]
[Black "OliveiraDayton"]
[Result "0-1"]
[WhiteElo "1515"]
[BlackElo "2094"]

1. d4 Nf6 2. e3 e6 3. a3 b6 4. Bd3 Bb7 5. Nf3 Be7 6. O-O O-O 7. Nc3 d5 8. Nb5 a6
9. Nc3 c5 10. dxc5 bxc5 11. Ng5 h6 12. Nh3 d4 13. exd4 cxd4 14. Na4 Qd5 15. f3
e5 16. g4 Nbd7 17. g5 Ne8 18. gxh6 f5 19. hxg7 Rf6 20. c4 Qc6 21. b4 e4 22. fxe4
Rg6+ 23. Kf2 fxe4 24. Bb1 e3+ 25. Ke2 Rg2+ 26. Nf2 Qf3+ 27. Kd3 e2+ 28. Kxd4
Bf6# 0-1

[Event "AUTO-OPEN-3005"]
[Site "http://www.queenalice.com/game.php?id=1186669"]
[Date "2013.6.1"]
[Round "1"]
[White "OliveiraDayton"]
[Black "silent1"]
[Result "1-0"]
[WhiteElo "2082"]
[BlackElo "1792"]

1. e4 e5 2. Nf3 d6 3. Bc4 Be7 4. d4 exd4 5. Nxd4 Nf6 6. Nc3 O-O 7. O-O b6 8. Be3
Bb7 9. f3 Nc6 10. Nf5 Ne5 11. Bb3 h6 12. h3 Ng6 13. Qd2 Ne5 14. Bxh6 gxh6 15.
Qxh6 1-0

[Event "AUTO-OPEN-3005"]
[Site "http://www.queenalice.com/game.php?id=1186670"]
[Date "2013.6.1"]
[Round "1"]
[White "silent1"]
[Black "OliveiraDayton"]
[Result "0-1"]
[WhiteElo "1721"]
[BlackElo "2103"]

1. d4 Nf6 2. c4 e6 3. Nc3 Be7 4. e3 b6 5. Bd3 Bb7 6. Nf3 d5 7. O-O O-O 8. h3
Nbd7 9. cxd5 exd5 10. Bf5 g6 11. Bxd7 Nxd7 12. Re1 f5 13. Qb3 c6 14. a3 Bf6 15.
Bd2 Kg7 16. Qd1 c5 17. dxc5 Nxc5 18. Bc1 Ne4 19. Nd2 Qe7 20. Ndxe4 dxe4 21. Ne2
Rad8 22. Qc2 Ba6 23. Nc3 Bd3 24. Qd1 h6 25. Bd2 Ba6 26. Qc1 Rd3 27. Na2 Rfd8 28.
Bb4 Qd7 29. Bc3 Bxc3 30. Nxc3 h5 31. h4 Rc8 32. Rd1 Rc6 33. Rxd3 Bxd3 34. Qe1
Qf7 35. Ne2 Qf6 36. Nf4 Qxh4 37. Ne2 Rc2 38. Nf4 Qf6 39. b4 Kh6 40. Nxd3 exd3
41. Rd1 Re2 42. Qf1 Qc3 43. g3 Qxa3 44. Qg2 Qxb4 45. Qf1 Qe4 46. Ra1 a5 47. Re1
Qc4 48. Rc1 Rc2 49. Rb1 d2 50. Qxc4 Rxc4 51. Kg2 Rc1 52. Rxb6 d1=Q 0-1

[Event "AUTO-OPEN-3005"]
[Site "http://www.queenalice.com/game.php?id=1186671"]
[Date "2013.6.1"]
[Round "1"]
[White "OliveiraDayton"]
[Black "NatanEstivallet"]
[Result "1/2-1/2"]
[WhiteElo "2094"]
[BlackElo "1927"]

1. e4 c5 2. Nf3 d6 3. c3 Nf6 4. Qc2 g6 5. d4 cxd4 6. cxd4 Bg7 7. Nc3 O-O 8. Be2
Nc6 9. Be3 Nb4 10. Qd2 Ng4 11. a3 Nxe3 12. fxe3 Nc6 13. O-O a6 14. Bc4 e5 15.
Rad1 Bg4 16. d5 Na5 17. Ba2 Rc8 18. b4 Nc4 19. Bxc4 Rxc4 20. Qd3 Qc7 21. Ne2 Rc8
22. h3 Bd7 23. Ng5 Be8 24. Qd2 Rc2 25. Qe1 h6 26. Nf3 Bb5 27. Rf2 Qb6 28. Ng3
Ba4 29. Rxc2 Rxc2 30. Nf1 Rc3 31. Qxc3 Bxd1 32. Ne1 Ba4 33. Qc8+ Kh7 34. Qc3
1/2-1/2

[Event "AUTO-OPEN-3005"]
[Site "http://www.queenalice.com/game.php?id=1186672"]
[Date "2013.6.1"]
[Round "1"]
[White "NatanEstivallet"]
[Black "OliveiraDayton"]
[Result "0-1"]
[WhiteElo "1939"]
[BlackElo "2085"]

1. e4 c6 2. d4 d5 3. e5 Bf5 4. Nf3 e6 5. Bd3 Ne7 6. O-O Nd7 7. Nh4 Bxd3 8. Qxd3
Ng6 9. Nxg6 hxg6 10. Nc3 Qh4 11. h3 g5 12. Qg3 Qxd4 13. Bxg5 Qxe5 14. Bf4 Qf6
15. Rfe1 O-O-O 16. Rad1 Qh4 17. Qe3 Bc5 18. Qf3 g5 19. Bg3 Qh7 20. Re2 Rde8 21.
Na4 f5 22. Nxc5 Nxc5 23. Bd6 Ne4 24. Be5 Rhg8 25. Qe3 b6 26. Qd3 Kb7 27. f3 Nc5
28. Qe3 g4 29. b4 Nd7 30. Bh2 gxh3 31. g3 e5 32. a4 f4 33. Qf2 Qh4 34. g4 Qg5
35. a5 e4 36. fxe4 Qxg4+ 37. Kh1 Rxe4 38. Rg1 Qxe2 39. Qxe2 Rxg1+ 0-1

[Event "Challenge"]
[Site "http://www.queenalice.com/game.php?id=1192148"]
[Date "2013.6.18"]
[Round "-"]
[White "OliveiraDayton"]
[Black "eddval"]
[Result "1/2-1/2"]
[WhiteElo "2103"]
[BlackElo "2104"]

1. e4 e5 2. Nf3 Nc6 3. d4 exd4 4. Nxd4 Bc5 5. Nb3 Bb6 6. c4 d6 7. Nc3 h6 8. Be2
Nf6 9. O-O O-O 10. Bf4 Re8 11. Qd3 a6 12. Kh1 Nb4 13. Qb1 Ng4 14. a3 Nc6 15.
Bxg4 Bxg4 16. f3 Be6 17. Nd5 Ba7 18. Qc2 Ne5 19. Bxe5 dxe5 20. Rad1 c6 21. Nf4
Qf6 22. Nxe6 Qxe6 23. Nc1 Rad8 24. c5 Bb8 25. b4 Bc7 26. Nb3 Qe7 27. h3 Rxd1 28.
Rxd1 Rd8 29. Rd3 Rxd3 30. Qxd3 Qd8 31. Qxd8+ Bxd8 32. Kg1 h5 33. Kf2 h4 34. g4
Kf8 35. Ke3 Bc7 36. Nd2 Ke7 37. Nc4 1/2-1/2

[Event "Challenge"]
[Site "http://www.queenalice.com/game.php?id=1199937"]
[Date "2013.7.15"]
[Round "-"]
[White "eddval"]
[Black "OliveiraDayton"]
[Result "1-0"]
[WhiteElo "2133"]
[BlackElo "2104"]

1. e4 c6 2. d4 d5 3. Nd2 dxe4 4. Nxe4 Nf6 5. Nxf6+ exf6 6. Be3 Bd6 7. Bd3 O-O 8.
h3 f5 9. Qd2 Bd7 10. g4 Qf6 11. Ne2 Re8 12. O-O-O Na6 13. a3 b5 14. Kb1 c5 15.
dxc5 Bxc5 16. Ng3 Bxe3 17. fxe3 Nc5 18. gxf5 Nxd3 19. Qxd3 Rad8 20. Qd6 Qxd6 21.
Rxd6 Rxe3 22. Nh5 f6 23. Rg1 Re7 24. Nxf6+ Kf7 25. Nxh7 Re5 26. Rgd1 Ke7 27. f6+
gxf6 28. Nxf6 Bxh3 29. Rxd8 Kxf6 30. R8d5 1-0